Plus Grandes Villes de France par Lettre - H - Statistiques

Statistiques générales
  • Ce quiz a été pris 352 fois
  • Le résultat moyen est 5 sur 12
Réponses sur la Carte
Les réponses sont colorées sur une échelle allant du rouge au vert en fonction du pourcentage des utilisateurs qui les ont devinées à leur premier essai. Vous pouvez retrouver ces pourcentages ci-dessous.
 
Statistiques - réponses
Population Ville % Correct
166 058 Le {Havre}
94%
55 103 Hyères
78%
17 796 Hendaye
62%
35 715 Haguenau
50%
31 392 L'{Haÿ}-{les}-{Roses}
41%
26 035 Hénin-Beaumont
30%
22 227 Hérouville-Saint-Clair
25%
33 449 Houilles
23%
21 498 Hazebrouck
20%
18 713 Hem
13%
31 605 Herblay-sur-Seine
13%
20 829 Halluin
10%
Aucun quiz correspondant
Distribution des résultats
% des personnes avec chaque résultat
Percentile par nombre de réponses
Votre historique - résultats
Vous n’avez pas pris ce quiz